SME sector development programme.
| Format: | Book |
|---|---|
| Published: |
[S.l]:
Ministry of Industries, People's Republic of Bangladesh,
2007.
|
| Subjects: |
| LEADER | 00449cam a2200133 7i4500 | ||
|---|---|---|---|
| 001 | 0000021069 | ||
| 005 | 20080411090000.0 | ||
| 090 | 0 | 0 | |a BANG 338.7 |b SME |
| 245 | 0 | 0 | |a SME sector development programme. |
| 260 | 0 | 0 | |a [S.l]: |b Ministry of Industries, People's Republic of Bangladesh, |c 2007. |
| 300 | # | # | |a 119 p. |
| 650 | 0 | 0 | |a Small and medium sized enterprises [SME] -- |z Bangladesh |
| 651 | 0 | 0 | |a Bangladesh |
| 999 | |a 0000020959 |b Book |c Countries |e Business Information Centre | ||